00526pab a2200181 454500008004000000100001500040245003700055260000900092300001200101362000800113650002800121650002600149650001800175773001900193909001000212999001700222952010500239180718b1998 xxu||||| |||| 00| 0 eng d aSundar, I. aCouple protection rates in India c1998 ap.15-18 aFeb aFamily planning - India aBirth control - India aBirth control aSocial Welfare a36529 c36529d36529 00104070aIIPAbIIPAd2018-07-19hVolume no: 44, Issue no: 11pAR36847r2018-07-19w2018-07-19yAR